00626nam a2200133Ia 4500008004100000020001800041245008600059260002200145650018000167650001200347856004100359999001900400952007300419171212s9999 xx 000 0 und d a9781760461171 ceditor Wesley, MichaelaGlobal AlliesbComparing US Alliances in the 21st Century bANU E Pressc2017 aBalance of power; Alliances; United States -- Foreign relations -- Asia; United States -- Foreign relations -- Europe; United States -- Politics and government -- 21st century aHistory uhttp://jstor.org/stable/j.ctt1sq5twz c351131d351131 001040aCLbCLd2017-12-12l0r2017-12-12 00:00:00w2017-12-12yCBE